000 00821cam a22002773a 4500
001 15177
003 PGUSA
005 20140828083326.0
008 050226s2005||||xxu|||||s|||||000 1 eng d
040 _aPGUSA
_beng
042 _adc
050 4 _aPR
100 1 _aSwinnerton, Frank,
_d1884-1982
245 1 0 _aNocturne
_h[electronic resource] /
_cFrank Swinnerton
260 _bProject Gutenberg,
_c2005
506 _aPublic domain in the USA.
516 _aElectronic text
653 _aLondon (England) -- Fiction
653 _aMan-woman relationships -- Fiction
653 _aFathers and daughters -- Fiction
653 _aSisters -- Fiction
700 1 _aWells, H. G.
_q(Herbert George),
_d1866-1946
830 0 _aProject Gutenberg
_v15177
856 4 0 _uhttp://www.gutenberg.org/ebooks/15177
942 _cEB
999 _c244432
_d244432